000 00433nam a2200169Ia 4500
005 20250423095049.0
008 250422s9999 xx 000 0 und d
020 _a9789380856483
050 _aTK 5102.5 .J67/
100 _aJoshi, Jay M.
245 0 _aDigital signal processing (principles and implementations)
260 _aNew Delhi
260 _bUniversity Science Press
260 _c2013
300 _a863 p
942 _cBK
999 _c29127
_d29127